00349nam a2200133Ia 4500020001800000082001700018100002200035245006800057260003200125300001000157650001400167650002400181650001000205 a0-8352-1863-5 a025.82 LIN-; aLincoln, Alam Joy 0aCrime in the library: a study of patterns, impact, and security aNew YorkbR.R. Bowkerc1984 a179p. aLibraries aCrime and libraries aCrime